[Event "DEM U16 2021"]
[Site "Willingen GER"]
[Date "2021.08.23"]
[Round "2"]
[White "Gallasch, Jonas"]
[Black "Chassard, Cedric"]
[Result "1-0"]
[Termination "normal"]
[Board "8"]
[WhiteElo "2046"]
[BlackElo "1971"]
[WhiteClock "00:19:01"]
[BlackClock "00:42:30"]
[PlyCount "111"]
[WhiteFideId "16222474"]
[BlackFideId "16243536"]
[EventCountry "GER"]
[EventRounds "9"]
[EventType "swiss"]
[EventDate "2021.08.22"]

1. d4 {[%clk 1:30:57]} Nf6 {[%clk 1:30:55]} 2. c4 {[%clk 1:31:19]} e6 {[%clk
1:31:23]} 3. Nc3 {[%clk 1:31:41]} Bb4 {[%clk 1:31:46]} 4. Qc2 {[%clk 1:32:04]}
O-O {[%clk 1:31:35]} 5. e4 {[%clk 1:32:31]} d5 {[%clk 1:31:32]} 6. e5 {[%clk
1:32:53]} Ne4 {[%clk 1:31:43]} 7. Bd3 {[%clk 1:33:13]} c5 {[%clk 1:31:31]} 8.
Nf3 {[%clk 1:33:26]} cxd4 {[%clk 1:31:21]} 9. Nxd4 {[%clk 1:33:48]} Nd7 {[%clk
1:31:25]} 10. Bf4 {[%clk 1:34:02]} Qb6 {[%clk 1:29:12]} 11. Nb3 {[%clk
1:19:49]} Qc7 {[%clk 1:28:19]} 12. Bxe4 {[%clk 1:12:49]} dxe4 {[%clk 1:27:59]}
13. a3 {[%clk 0:56:49]} Bxc3+ {[%clk 1:24:41]} 14. Qxc3 {[%clk 0:56:22]} b6
{[%clk 1:22:34]} 15. O-O {[%clk 0:52:19]} Ba6 {[%clk 1:21:54]} 16. Rac1 {[%clk
0:48:06]} Rac8 {[%clk 1:21:21]} 17. Qg3 {[%clk 0:43:31]} Kh8 {[%clk 1:17:40]}
18. Rc3 {[%clk 0:38:38]} Qd8 19. Rfc1 {[%clk 0:29:07]} f6 {[%clk 1:07:54]} 20.
exf6 {[%clk 0:16:35]} Qxf6 {[%clk 1:07:07]} 21. Bd6 {[%clk 0:14:09]} Rfd8
{[%clk 1:03:59]} 22. h3 {[%clk 0:09:40]} e5 {[%clk 1:03:11]} 23. Bb4 {[%clk
0:09:27]} Nc5 {[%clk 0:59:02]} 24. Bxc5 {[%clk 0:05:23]} bxc5 {[%clk 0:59:13]}
25. Qg4 {[%clk 0:05:40]} Rf8 {[%clk 0:54:54]} 26. R1c2 {[%clk 0:02:34]} Qf7
{[%clk 0:35:27]} 27. Qxe4 {[%clk 0:01:34]} Bb7 {[%clk 0:34:05]} 28. Qe1 {[%clk
0:00:51]} Qg6 {[%clk 0:33:33]} 29. Qf1 {[%clk 0:00:40]} Rcd8 {[%clk 0:32:46]}
30. Rc1 {[%clk 0:00:43]} Ba8 {[%clk 0:23:37]} 31. Rg3 {[%clk 0:00:42]} Qc6
{[%clk 0:22:30]} 32. Qe2 {[%clk 0:00:42]} Rb8 {[%clk 0:19:51]} 33. Qxe5 {[%clk
0:00:41]} Qh6 {[%clk 0:18:04]} 34. Qe3 {[%clk 0:00:43]} Qf6 {[%clk 0:17:38]}
35. Rc2 {[%clk 0:00:42]} Rfe8 {[%clk 0:14:51]} 36. Qc3 {[%clk 0:00:52]} Qe7
{[%clk 0:09:08]} 37. Re2 {[%clk 0:00:55]} Qf7 {[%clk 0:09:02]} 38. Rxe8+ {[%clk
0:01:13]} Rxe8 {[%clk 0:09:30]} 39. Nxc5 {[%clk 0:01:37]} Re2 {[%clk 0:09:24]}
40. Qd4 {[%clk 0:01:15]} Qe7 {[%clk 0:08:52]} 41. Re3 {[%clk 0:22:01]} Re1+
{[%clk 0:38:43]} 42. Rxe1 {[%clk 0:22:12]} Qxe1+ {[%clk 0:39:09]} 43. Kh2
{[%clk 0:22:37]} h6 {[%clk 0:39:32]} 44. Qd8+ {[%clk 0:20:46]} Kh7 {[%clk
0:39:56]} 45. Qxa8 {[%clk 0:20:49]} Qe5+ {[%clk 0:40:18]} 46. g3 {[%clk
0:21:13]} Qxc5 {[%clk 0:40:44]} 47. Qe4+ {[%clk 0:21:35]} Kh8 {[%clk 0:41:10]}
48. Kg2 {[%clk 0:21:57]} Qb6 {[%clk 0:41:14]} 49. b4 {[%clk 0:20:51]} Qa6
{[%clk 0:41:30]} 50. Qd3 {[%clk 0:20:11]} Qc6+ {[%clk 0:41:37]} 51. Qd5 {[%clk
0:18:14]} Qa6 {[%clk 0:41:58]} 52. c5 {[%clk 0:18:21]} Qxa3 {[%clk 0:42:09]}
53. c6 {[%clk 0:18:46]} Qc3 {[%clk 0:42:06]} 54. Qc5 {[%clk 0:18:20]} Qd3
{[%clk 0:42:05]} 55. c7 {[%clk 0:18:43]} Qe4+ {[%clk 0:42:30]} 56. Kh2 {[%clk
0:19:01]} 1-0

[Event "DEM U16 2021"]
[Site "Willingen GER"]
[Date "2021.08.23"]
[Round "2"]
[White "Bornholdt, Joa Max"]
[Black "Laux, Dominik"]
[Result "1/2-1/2"]
[Termination "normal"]
[Board "9"]
[WhiteElo "1993"]
[BlackElo "2085"]
[WhiteClock "00:19:41"]
[BlackClock "00:03:50"]
[PlyCount "70"]
[WhiteFideId "16253477"]
[BlackFideId "12994219"]
[EventCountry "GER"]
[EventRounds "9"]
[EventType "swiss"]
[EventDate "2021.08.22"]

1. e4 {[%clk 1:30:49]} c6 {[%clk 1:30:37]} 2. d4 {[%clk 1:31:12]} d5 {[%clk
1:31:04]} 3. exd5 {[%clk 1:31:35]} cxd5 {[%clk 1:31:31]} 4. c4 {[%clk 1:31:59]}
Nf6 {[%clk 1:31:46]} 5. Nf3 {[%clk 1:32:23]} Nc6 {[%clk 1:31:52]} 6. Nc3 {[%clk
1:32:47]} Be6 {[%clk 1:31:18]} 7. c5 {[%clk 1:33:11]} g6 {[%clk 1:31:33]} 8.
Bb5 {[%clk 1:33:35]} Bg7 {[%clk 1:31:11]} 9. Ne5 {[%clk 1:33:57]} Bd7 {[%clk
1:30:34]} 10. Bxc6 {[%clk 1:34:18]} Bxc6 {[%clk 1:30:32]} 11. O-O {[%clk
1:34:33]} O-O {[%clk 1:30:14]} 12. Re1 {[%clk 1:34:52]} Nd7 {[%clk 1:24:30]}
13. Bf4 {[%clk 1:35:16]} Nxe5 {[%clk 1:16:16]} 14. Bxe5 {[%clk 1:35:40]} f6
{[%clk 1:13:08]} 15. Bg3 {[%clk 1:36:03]} b6 {[%clk 1:03:23]} 16. Qe2 {[%clk
1:09:48]} e5 {[%clk 0:58:26]} 17. b4 {[%clk 1:05:23]} bxc5 {[%clk 0:52:22]} 18.
dxc5 Qb8 19. Rab1 {[%clk 1:01:21]} d4 {[%clk 0:39:36]} 20. Ne4 {[%clk 1:00:10]}
Bd5 {[%clk 0:33:54]} 21. b5 {[%clk 0:52:36]} f5 {[%clk 0:29:08]} 22. Nd6 {[%clk
0:52:25]} f4 {[%clk 0:26:41]} 23. Bh4 {[%clk 0:52:44]} f3 {[%clk 0:24:56]} 24.
gxf3 {[%clk 0:50:51]} Rxf3 {[%clk 0:22:08]} 25. Bg3 {[%clk 0:42:00]} Qd8 {[%clk
0:20:21]} 26. Rb3 {[%clk 0:37:36]} Rxb3 {[%clk 0:15:46]} 27. axb3 {[%clk
0:37:59]} Qd7 {[%clk 0:14:37]} 28. Ne4 {[%clk 0:31:32]} Bxb3 {[%clk 0:11:41]}
29. Qf3 {[%clk 0:27:36]} Qd5 {[%clk 0:08:32]} 30. Nf6+ {[%clk 0:23:56]} Bxf6
{[%clk 0:08:57]} 31. Qxf6 {[%clk 0:24:21]} Rf8 {[%clk 0:06:17]} 32. Qxe5 {[%clk
0:21:34]} Qf3 {[%clk 0:04:12]} 33. Qe4 {[%clk 0:20:12]} d3 {[%clk 0:03:48]} 34.
Qxf3 {[%clk 0:19:15]} Rxf3 {[%clk 0:04:14]} 35. Re8+ {[%clk 0:19:41]} Rf8
{[%clk 0:03:50]} 1/2-1/2

[Event "DEM U16 2021"]
[Site "Willingen GER"]
[Date "2021.08.23"]
[Round "2"]
[White "Tovmasyan, Minas"]
[Black "Lutz, Ruben"]
[Result "0-1"]
[Termination "normal"]
[Board "10"]
[WhiteElo "1869"]
[BlackElo "2108"]
[WhiteClock "00:00:37"]
[BlackClock "00:06:14"]
[PlyCount "68"]
[WhiteFideId "16247620"]
[BlackFideId "12975974"]
[EventCountry "GER"]
[EventRounds "9"]
[EventType "swiss"]
[EventDate "2021.08.22"]

1. d4 {[%clk 1:30:57]} d5 {[%clk 1:30:55]} 2. c4 {[%clk 1:31:15]} dxc4 {[%clk
1:31:17]} 3. Nf3 {[%clk 1:31:39]} Nf6 {[%clk 1:31:42]} 4. e3 {[%clk 1:31:50]}
Bg4 {[%clk 1:32:04]} 5. Bxc4 {[%clk 1:31:25]} e6 {[%clk 1:32:27]} 6. O-O {[%clk
1:31:13]} Nc6 {[%clk 1:26:36]} 7. Nc3 {[%clk 1:27:04]} Bd6 {[%clk 1:26:48]} 8.
b3 {[%clk 1:20:26]} e5 {[%clk 1:19:29]} 9. dxe5 {[%clk 1:02:44]} Nxe5 {[%clk
1:19:51]} 10. Be2 {[%clk 1:02:45]} Qe7 {[%clk 1:19:07]} 11. Nb5 {[%clk
0:53:08]} Rd8 {[%clk 1:08:54]} 12. Nxd6+ {[%clk 0:50:25]} Rxd6 {[%clk 1:09:15]}
13. Qc2 {[%clk 0:46:01]} Bxf3 14. Bxf3 {[%clk 0:36:53]} Nxf3+ {[%clk 0:55:25]}
15. gxf3 {[%clk 0:37:17]} Rc6 {[%clk 0:49:11]} 16. Qe2 {[%clk 0:33:40]} O-O
{[%clk 0:45:48]} 17. Bb2 {[%clk 0:29:48]} Nd5 {[%clk 0:45:10]} 18. Qd2 {[%clk
0:20:53]} Qg5+ {[%clk 0:40:02]} 19. Kh1 {[%clk 0:21:13]} Qh5 {[%clk 0:40:14]}
20. Rg1 {[%clk 0:18:41]} Qxf3+ {[%clk 0:40:04]} 21. Rg2 {[%clk 0:19:05]} Rg6
{[%clk 0:36:34]} 22. Rag1 {[%clk 0:19:00]} Re8 {[%clk 0:29:45]} 23. Qd1 {[%clk
0:17:24]} Qxd1 {[%clk 0:27:04]} 24. Rxd1 {[%clk 0:17:49]} Rxg2 {[%clk 0:27:17]}
25. Kxg2 {[%clk 0:18:12]} c6 {[%clk 0:27:40]} 26. Rd4 {[%clk 0:13:48]} f5
{[%clk 0:24:36]} 27. Kf3 {[%clk 0:06:45]} g5 {[%clk 0:24:02]} 28. h3 {[%clk
0:03:53]} Kf7 {[%clk 0:21:05]} 29. b4 {[%clk 0:02:47]} a6 {[%clk 0:16:30]} 30.
a4 {[%clk 0:02:18]} b5 {[%clk 0:09:19]} 31. axb5 {[%clk 0:00:36]} axb5 {[%clk
0:09:42]} 32. Ke2 {[%clk 0:00:31]} Ra8 {[%clk 0:06:56]} 33. Kd3 {[%clk
0:00:34]} Ra4 {[%clk 0:06:22]} 34. Bc3 {[%clk 0:00:37]} Ra3 {[%clk 0:06:14]}
0-1

[Event "DEM U16 2021"]
[Site "Willingen GER"]
[Date "2021.08.23"]
[Round "2"]
[White "Rohde, Niclas"]
[Black "Haufe, Laurin"]
[Result "0-1"]
[Termination "normal"]
[Board "11"]
[WhiteElo "1591"]
[BlackElo "2013"]
[WhiteClock "00:02:57"]
[BlackClock "00:09:27"]
[PlyCount "88"]
[WhiteFideId "16230205"]
[BlackFideId "12976504"]
[EventCountry "GER"]
[EventRounds "9"]
[EventType "swiss"]
[EventDate "2021.08.22"]

1. e4 {[%clk 1:30:55]} c5 {[%clk 1:30:57]} 2. Nc3 {[%clk 1:31:19]} Nc6 {[%clk
1:31:22]} 3. Bc4 {[%clk 1:31:26]} e6 {[%clk 1:31:18]} 4. d3 {[%clk 1:31:36]}
Nge7 {[%clk 1:30:18]} 5. f4 {[%clk 1:31:34]} g6 {[%clk 1:30:31]} 6. Nf3 {[%clk
1:31:52]} Bg7 {[%clk 1:30:44]} 7. O-O {[%clk 1:32:01]} O-O {[%clk 1:31:00]} 8.
Qe1 {[%clk 1:31:53]} d5 {[%clk 1:30:40]} 9. Bb3 {[%clk 1:32:09]} Rb8 {[%clk
1:28:22]} 10. a3 {[%clk 1:28:31]} b5 {[%clk 1:28:08]} 11. Qh4 {[%clk 1:26:39]}
f5 {[%clk 1:23:56]} 12. e5 {[%clk 1:13:14]} Qd7 {[%clk 1:16:42]} 13. Rd1 {[%clk
1:05:02]} h6 {[%clk 1:13:11]} 14. Ne2 {[%clk 0:57:53]} d4 {[%clk 1:11:14]} 15.
c3 {[%clk 0:52:51]} dxc3 {[%clk 1:06:38]} 16. bxc3 {[%clk 0:52:37]} Bb7 {[%clk
1:05:30]} 17. Be3 {[%clk 0:49:39]} Na5 {[%clk 1:05:15]} 18. Ba2 {[%clk
0:49:42]} Bxf3 {[%clk 1:00:14]} 19. gxf3 {[%clk 0:50:03]} Rfc8 {[%clk 1:00:03]}
20. Qe1 {[%clk 0:39:00]} Nd5 {[%clk 0:56:36]} 21. Bf2 {[%clk 0:38:51]} c4
{[%clk 0:52:22]} 22. dxc4 {[%clk 0:29:54]} bxc4 {[%clk 0:51:44]} 23. Rab1
{[%clk 0:28:49]} Bf8 {[%clk 0:47:55]} 24. Rxb8 {[%clk 0:28:12]} Rxb8 {[%clk
0:47:53]} 25. Rb1 {[%clk 0:28:26]} Rc8 {[%clk 0:46:04]} 26. Qc1 {[%clk
0:27:54]} Rc7 {[%clk 0:39:16]} 27. Nd4 {[%clk 0:24:21]} Kf7 {[%clk 0:36:26]}
28. Rb5 {[%clk 0:19:34]} Nb7 {[%clk 0:32:37]} 29. Rb1 {[%clk 0:12:09]} a6
{[%clk 0:28:53]} 30. Be1 {[%clk 0:11:47]} Qa4 {[%clk 0:25:55]} 31. Nc2 {[%clk
0:11:56]} Nc5 {[%clk 0:23:19]} 32. Nb4 {[%clk 0:09:48]} Nb6 {[%clk 0:19:44]}
33. Bf2 {[%clk 0:08:10]} Rd7 {[%clk 0:15:18]} 34. Bd4 {[%clk 0:07:27]} a5
{[%clk 0:12:00]} 35. Qe3 {[%clk 0:04:19]} axb4 {[%clk 0:10:32]} 36. Bxc5 {[%clk
0:03:57]} Nd5 {[%clk 0:10:07]} 37. Qd4 {[%clk 0:02:51]} Bxc5 {[%clk 0:10:31]}
38. Qxc5 {[%clk 0:03:14]} b3 {[%clk 0:10:53]} 39. Bxb3 {[%clk 0:02:11]} cxb3
{[%clk 0:11:16]} 40. c4 {[%clk 0:02:19]} Nc3 {[%clk 0:10:32]} 41. Rb2 {[%clk
0:02:35]} Nd1 {[%clk 0:10:55]} 42. Rb1 {[%clk 0:02:45]} b2 {[%clk 0:11:20]} 43.
Qb5 {[%clk 0:02:44]} Qa7+ {[%clk 0:09:05]} 44. c5 {[%clk 0:02:57]} Nc3 {[%clk
0:09:27]} 0-1

[Event "DEM U16 2021"]
[Site "Willingen GER"]
[Date "2021.08.23"]
[Round "2"]
[White "Albert, Markus"]
[Black "Lohmann, Laurin"]
[Result "1-0"]
[Termination "normal"]
[Board "12"]
[WhiteElo "1951"]
[BlackElo "1810"]
[WhiteClock "00:01:56"]
[BlackClock "00:00:57"]
[PlyCount "81"]
[WhiteFideId "16292626"]
[BlackFideId "16281594"]
[EventCountry "GER"]
[EventRounds "9"]
[EventType "swiss"]
[EventDate "2021.08.22"]

1. e4 {[%clk 1:30:57]} e5 {[%clk 1:30:41]} 2. f4 {[%clk 1:30:56]} Bc5 {[%clk
1:31:03]} 3. Nf3 {[%clk 1:31:00]} d6 {[%clk 1:31:26]} 4. Bc4 {[%clk 1:31:09]}
Nf6 {[%clk 1:22:51]} 5. d3 {[%clk 1:30:19]} Nc6 {[%clk 1:20:30]} 6. c3 {[%clk
1:26:02]} a5 {[%clk 1:15:17]} 7. Qe2 {[%clk 1:21:08]} Qe7 {[%clk 1:07:11]} 8.
f5 {[%clk 1:01:23]} Bd7 {[%clk 1:02:06]} 9. Be3 {[%clk 0:54:37]} O-O-O {[%clk
0:56:42]} 10. O-O {[%clk 0:49:10]} Ng4 {[%clk 0:42:25]} 11. Bxc5 dxc5 {[%clk
0:42:52]} 12. Na3 {[%clk 0:43:16]} g6 {[%clk 0:34:58]} 13. Rae1 {[%clk
0:16:02]} f6 {[%clk 0:16:32]} 14. Nh4 {[%clk 0:11:39]} Nh6 15. fxg6 {[%clk
0:08:17]} Qg7 {[%clk 0:06:29]} 16. Nc2 {[%clk 0:02:33]} hxg6 {[%clk 0:06:03]}
17. Ne3 {[%clk 0:02:29]} Ne7 {[%clk 0:04:03]} 18. Qf2 {[%clk 0:02:13]} Rdf8
{[%clk 0:03:21]} 19. b4 {[%clk 0:01:59]} Qh7 {[%clk 0:01:40]} 20. bxa5 {[%clk
0:01:37]} g5 {[%clk 0:00:46]} 21. Nf3 {[%clk 0:00:59]} Ng6 {[%clk 0:01:15]} 22.
Rb1 {[%clk 0:00:42]} g4 {[%clk 0:01:21]} 23. Nh4 {[%clk 0:00:35]} Nf5 {[%clk
0:00:44]} 24. exf5 {[%clk 0:00:37]} Nxh4 {[%clk 0:01:00]} 25. Qg3 {[%clk
0:00:42]} Nxf5 {[%clk 0:00:33]} 26. Nxf5 {[%clk 0:01:00]} Bxf5 {[%clk 0:01:02]}
27. Rb5 {[%clk 0:01:07]} Bd7 {[%clk 0:00:44]} 28. Rxc5 {[%clk 0:00:51]} Qe7
{[%clk 0:00:52]} 29. d4 {[%clk 0:00:58]} Bc6 {[%clk 0:00:44]} 30. a6 {[%clk
0:01:05]} Kd7 {[%clk 0:00:37]} 31. axb7 {[%clk 0:01:02]} Bxb7 {[%clk 0:01:00]}
32. Qxg4+ {[%clk 0:00:45]} Kd8 {[%clk 0:00:57]} 33. Bd5 {[%clk 0:00:48]} Bc8
{[%clk 0:01:01]} 34. Qe2 {[%clk 0:00:50]} Qh7 {[%clk 0:00:49]} 35. h3 {[%clk
0:00:51]} Qg7 {[%clk 0:01:04]} 36. Bc6 {[%clk 0:00:42]} Bxh3 {[%clk 0:00:55]}
37. Rd5+ {[%clk 0:01:05]} Ke7 {[%clk 0:01:13]} 38. dxe5 {[%clk 0:01:19]} fxe5
{[%clk 0:00:35]} 39. Rxe5+ {[%clk 0:01:37]} Kd6 {[%clk 0:00:45]} 40. Rd5+
{[%clk 0:01:56]} Kxc6 {[%clk 0:00:57]} 41. Qb5# 1-0

[Event "DEM U16 2021"]
[Site "Willingen GER"]
[Date "2021.08.23"]
[Round "2"]
[White "Alhamid, Mohamad"]
[Black "Nied, Pascal"]
[Result "1/2-1/2"]
[Termination "normal"]
[Board "13"]
[WhiteElo "1652"]
[BlackElo "1870"]
[WhiteClock "00:01:29"]
[BlackClock "00:01:30"]
[PlyCount "119"]
[WhiteFideId "16235665"]
[BlackFideId "16260597"]
[EventCountry "GER"]
[EventRounds "9"]
[EventType "swiss"]
[EventDate "2021.08.22"]

1. e4 {[%clk 1:30:56]} e6 {[%clk 1:30:57]} 2. d4 {[%clk 1:31:23]} d5 {[%clk
1:31:23]} 3. exd5 {[%clk 1:31:51]} exd5 {[%clk 1:31:47]} 4. Nf3 {[%clk
1:32:11]} Bd6 {[%clk 1:32:06]} 5. Bd3 {[%clk 1:32:36]} Nc6 {[%clk 1:32:14]} 6.
h3 {[%clk 1:32:49]} Nge7 {[%clk 1:31:57]} 7. c3 {[%clk 1:27:33]} Bf5 {[%clk
1:30:39]} 8. b4 {[%clk 1:25:25]} Qd7 {[%clk 1:23:41]} 9. Na3 {[%clk 1:24:39]}
Qe6+ {[%clk 1:18:09]} 10. Be3 {[%clk 1:22:22]} a5 {[%clk 1:06:24]} 11. Nb5
{[%clk 1:06:01]} axb4 {[%clk 1:03:24]} 12. O-O {[%clk 1:01:14]} O-O {[%clk
1:00:47]} 13. Re1 {[%clk 0:57:03]} Qd7 {[%clk 0:58:46]} 14. c4 {[%clk 0:45:26]}
dxc4 {[%clk 0:55:40]} 15. Bxc4 {[%clk 0:44:16]} h6 {[%clk 0:52:29]} 16. Qd2
{[%clk 0:40:27]} Na5 {[%clk 0:49:37]} 17. Bf1 {[%clk 0:25:13]} Nd5 {[%clk
0:47:04]} 18. Nxd6 {[%clk 0:18:51]} Qxd6 {[%clk 0:45:42]} 19. Ne5 {[%clk
0:16:37]} Rfd8 {[%clk 0:36:29]} 20. Qb2 {[%clk 0:04:01]} b6 {[%clk 0:30:26]}
21. Rac1 {[%clk 0:03:04]} Nc3 {[%clk 0:26:45]} 22. a3 {[%clk 0:02:33]} Na4
{[%clk 0:26:49]} 23. Qxb4 {[%clk 0:02:34]} Be6 {[%clk 0:06:46]} 24. Qxa4 {[%clk
0:01:27]} Nb3 {[%clk 0:07:13]} 25. Qc6 {[%clk 0:01:33]} Nxc1 {[%clk 0:07:00]}
26. Rxc1 {[%clk 0:01:48]} Qxa3 {[%clk 0:06:55]} 27. Qc2 {[%clk 0:01:24]} Re8
{[%clk 0:03:19]} 28. Bb5 {[%clk 0:01:32]} Red8 {[%clk 0:02:22]} 29. Qe4 {[%clk
0:01:26]} Bd5 {[%clk 0:01:48]} 30. Qg4 {[%clk 0:01:40]} Be6 {[%clk 0:01:44]}
31. Qe4 {[%clk 0:01:25]} Bd5 {[%clk 0:01:54]} 32. Qf5 {[%clk 0:01:36]} Be6
{[%clk 0:02:14]} 33. Qc2 {[%clk 0:01:41]} Ra5 {[%clk 0:02:05]} 34. Nc6 {[%clk
0:01:34]} Bb3 {[%clk 0:00:34]} 35. Qc3 {[%clk 0:01:14]} Rxb5 {[%clk 0:00:34]}
36. Nxd8 {[%clk 0:01:39]} c5 {[%clk 0:00:35]} 37. dxc5 {[%clk 0:01:57]} bxc5
{[%clk 0:00:34]} 38. Bxc5 {[%clk 0:02:01]} Qa8 {[%clk 0:00:53]} 39. Qd4 {[%clk
0:01:51]} Bd5 {[%clk 0:00:50]} 40. Rd1 {[%clk 0:01:13]} Bxg2 {[%clk 0:00:33]}
41. Qc4 {[%clk 0:28:43]} Qf3 {[%clk 0:24:34]} 42. Nxf7 {[%clk 0:01:38]} Qxd1+
{[%clk 0:17:11]} 43. Kxg2 {[%clk 0:02:03]} Rxc5 {[%clk 0:10:23]} 44. Nxh6+
{[%clk 0:01:43]} Kh7 {[%clk 0:10:41]} 45. Qxc5 {[%clk 0:01:54]} Kxh6 {[%clk
0:10:23]} 46. Qf5 {[%clk 0:01:18]} Qd6 {[%clk 0:05:46]} 47. Kf3 {[%clk
0:00:57]} Qd1+ {[%clk 0:05:44]} 48. Kg2 {[%clk 0:00:48]} Qd6 {[%clk 0:04:18]}
49. h4 {[%clk 0:01:12]} Qc6+ {[%clk 0:03:46]} 50. Kg3 {[%clk 0:01:26]} Qc3+
{[%clk 0:02:23]} 51. Qf3 {[%clk 0:01:24]} Qa1 {[%clk 0:01:48]} 52. Kh3 {[%clk
0:01:00]} Qf1+ {[%clk 0:01:49]} 53. Kh2 {[%clk 0:01:08]} Kh7 {[%clk 0:00:43]}
54. h5 {[%clk 0:00:42]} Qc1 {[%clk 0:00:36]} 55. Kg2 {[%clk 0:00:38]} Qg5+
{[%clk 0:00:46]} 56. Kh3 {[%clk 0:01:01]} Kh6 {[%clk 0:00:56]} 57. Qe3 {[%clk
0:00:36]} Qxe3+ {[%clk 0:00:49]} 58. fxe3 {[%clk 0:01:02]} Kxh5 {[%clk
0:01:12]} 59. Kg3 {[%clk 0:01:25]} Kg5 {[%clk 0:01:30]} 60. Kf3 {[%clk
0:01:29]} 1/2-1/2

[Event "DEM U16 2021"]
[Site "Willingen GER"]
[Date "2021.08.23"]
[Round "2"]
[White "Kulm, Justin"]
[Black "Klugstedt, Vincent C."]
[Result "1/2-1/2"]
[Termination "normal"]
[Board "14"]
[WhiteElo "1628"]
[BlackElo "1932"]
[WhiteClock "00:00:49"]
[BlackClock "00:41:12"]
[PlyCount "79"]
[WhiteFideId "34603565"]
[BlackFideId "16216393"]
[EventCountry "GER"]
[EventRounds "9"]
[EventType "swiss"]
[EventDate "2021.08.22"]

1. Nf3 {[%clk 1:30:39]} d5 {[%clk 1:30:51]} 2. g3 {[%clk 1:30:56]} c5 {[%clk
1:30:52]} 3. Bg2 {[%clk 1:30:17]} Nf6 {[%clk 1:31:04]} 4. d4 {[%clk 1:30:10]}
cxd4 {[%clk 1:30:41]} 5. O-O {[%clk 1:30:16]} Nc6 {[%clk 1:28:45]} 6. Nxd4
{[%clk 1:30:35]} Bd7 {[%clk 1:27:50]} 7. c4 {[%clk 1:27:22]} e5 {[%clk
1:26:21]} 8. Nxc6 {[%clk 1:26:25]} Bxc6 {[%clk 1:26:38]} 9. Bg5 {[%clk
1:25:00]} d4 {[%clk 1:22:33]} 10. Bxc6+ {[%clk 1:23:33]} bxc6 {[%clk 1:23:01]}
11. Qa4 {[%clk 1:22:31]} Qd6 {[%clk 1:21:01]} 12. Nd2 {[%clk 1:15:18]} Be7
{[%clk 1:19:29]} 13. f4 {[%clk 1:11:00]} O-O {[%clk 1:15:23]} 14. fxe5 {[%clk
1:05:46]} Qxe5 {[%clk 1:14:40]} 15. Nf3 {[%clk 1:03:49]} Qc5 {[%clk 1:10:06]}
16. b4 {[%clk 0:49:55]} Qxc4 {[%clk 1:01:53]} 17. Rac1 {[%clk 0:47:13]} Qxb4
{[%clk 1:01:33]} 18. Qxb4 {[%clk 0:34:31]} Bxb4 {[%clk 1:01:52]} 19. Bxf6 gxf6
{[%clk 1:01:38]} 20. Nxd4 {[%clk 0:27:12]} Bd2 {[%clk 0:58:33]} 21. Rc4 {[%clk
0:23:46]} c5 {[%clk 0:56:49]} 22. Nb3 {[%clk 0:21:18]} Be3+ {[%clk 0:53:58]}
23. Kg2 {[%clk 0:21:27]} Rfe8 {[%clk 0:53:19]} 24. Rxf6 {[%clk 0:17:49]} Bd4
{[%clk 0:50:12]} 25. Nxd4 {[%clk 0:16:03]} cxd4 {[%clk 0:50:08]} 26. Kf3 {[%clk
0:14:39]} Re3+ {[%clk 0:48:06]} 27. Kf2 {[%clk 0:14:18]} Rae8 {[%clk 0:48:09]}
28. Rc2 {[%clk 0:13:30]} R8e7 {[%clk 0:47:18]} 29. Rd6 {[%clk 0:12:38]} R7e4
{[%clk 0:44:59]} 30. Ra6 {[%clk 0:10:03]} Re6 {[%clk 0:42:01]} 31. Rxe6 {[%clk
0:06:57]} Rxe6 {[%clk 0:41:46]} 32. Rd2 {[%clk 0:06:46]} Ra6 {[%clk 0:41:18]}
33. Kf3 {[%clk 0:05:53]} Kg7 {[%clk 0:41:17]} 34. Ke4 {[%clk 0:05:14]} Ra4
{[%clk 0:41:36]} 35. Rc2 {[%clk 0:03:04]} Kf6 {[%clk 0:41:31]} 36. h3 {[%clk
0:02:49]} Ke6 {[%clk 0:40:18]} 37. Rc6+ {[%clk 0:01:29]} Ke7 {[%clk 0:40:34]}
38. Rc2 {[%clk 0:01:12]} Ke6 {[%clk 0:40:47]} 39. Rc6+ {[%clk 0:01:05]} Ke7
{[%clk 0:41:12]} 40. Rc2 {[%clk 0:00:49]} 1/2-1/2

[Event "DEM U16 2021"]
[Site "Willingen GER"]
[Date "2021.08.24"]
[Round "3"]
[White "Haack, Kevin"]
[Black "Farokhi, Keyvan"]
[Result "1/2-1/2"]
[Termination "normal"]
[Board "1"]
[WhiteElo "2076"]
[BlackElo "2045"]
[WhiteClock "00:40:12"]
[BlackClock "00:42:02"]
[PlyCount "52"]
[WhiteFideId "16228715"]
[BlackFideId "12998630"]
[EventCountry "GER"]
[EventRounds "9"]
[EventType "swiss"]
[EventDate "2021.08.22"]

1. c4 {[%clk 1:30:57]} e6 {[%clk 1:30:42]} 2. g3 {[%clk 1:31:21]} d5 {[%clk
1:31:02]} 3. Bg2 {[%clk 1:31:45]} Nf6 {[%clk 1:31:24]} 4. Nf3 {[%clk 1:32:11]}
Be7 {[%clk 1:31:42]} 5. O-O {[%clk 1:32:34]} O-O {[%clk 1:32:05]} 6. b3 {[%clk
1:33:02]} d4 {[%clk 1:32:25]} 7. Bb2 {[%clk 1:33:26]} c5 {[%clk 1:32:48]} 8. e3
{[%clk 1:33:51]} Nc6 {[%clk 1:33:13]} 9. exd4 {[%clk 1:34:14]} cxd4 {[%clk
1:33:37]} 10. Re1 {[%clk 1:34:34]} Ne8 {[%clk 1:34:00]} 11. Ne5 {[%clk
1:34:53]} Nxe5 {[%clk 1:34:22]} 12. Rxe5 {[%clk 1:35:18]} f6 {[%clk 1:34:47]}
13. Re1 {[%clk 1:35:44]} e5 {[%clk 1:35:13]} 14. Ba3 {[%clk 1:36:05]} Bxa3
{[%clk 1:35:25]} 15. Nxa3 {[%clk 1:36:29]} Nc7 {[%clk 1:35:50]} 16. d3 {[%clk
1:33:38]} Rb8 {[%clk 1:35:28]} 17. b4 {[%clk 1:29:04]} a5 {[%clk 1:28:58]} 18.
Nc2 {[%clk 1:12:40]} b5 {[%clk 1:17:06]} 19. a3 {[%clk 0:56:44]} bxc4 {[%clk
1:12:28]} 20. dxc4 {[%clk 0:56:13]} axb4 {[%clk 1:07:28]} 21. Nxb4 {[%clk
0:51:48]} Bb7 {[%clk 1:06:31]} 22. Bxb7 {[%clk 0:47:56]} Rxb7 {[%clk 1:06:05]}
23. f4 {[%clk 0:48:23]} Qd6 {[%clk 0:50:42]} 24. Qf3 {[%clk 0:45:17]} Rbb8
{[%clk 0:48:33]} 25. fxe5 {[%clk 0:39:51]} fxe5 {[%clk 0:48:53]} 26. Qc6 {[%clk
0:40:12]} Qf6 {[%clk 0:42:02]} 1/2-1/2